| 000 | 00530pam a2200217 i 4500 | ||
|---|---|---|---|
| 001 | 3160828 | ||
| 005 | 20180110083405.0 | ||
| 008 | 750214s1975 deu b 000 0 eng | ||
| 010 | _a 75005506 | ||
| 020 | _a0872079317 | ||
| 040 |
_aDLC _cDLC _dDLC |
||
| 041 | _aeng | ||
| 080 | _a415 DAW | ||
| 082 | 0 | 0 | _a415 DAW |
| 100 | 1 | _a46 | |
| 101 | _aEDU | ||
| 245 | 1 | 0 |
_aSyntax and readability / _cby John Dawkins. |
| 504 | _aBibliography: p. 45-47. | ||
| 906 |
_a7 _bcbc _corignew _d1 _eocip _f19 _gy-gencatlg |
||
| 942 |
_2ddc _cBK |
||
| 999 |
_c40041 _d40041 |
||